| 000 | 00666nam a22002537a 4500 | ||
|---|---|---|---|
| 005 | 20231012100412.0 | ||
| 008 | 160316b2015 xxu||||| |||| 00| 0 spa d | ||
| 020 | _a9789500208765 | ||
| 041 | _aESP | ||
| 082 | _a305.26 C957v | ||
| 100 |
_aCruz Jentoft, Alfonso _97145 |
||
| 245 | _aLa vejez positiva: nunca es demasiado tarde para ser feliz | ||
| 260 | _aEspaña | ||
| 260 | _bLa Esfera de los Libros | ||
| 260 | _c2015 | ||
| 300 | _a244 páginas | ||
| 650 | _aVEJEZ | ||
| 650 | _aAUTOAYUDA | ||
| 650 | _aOPORTUNIDADES | ||
| 650 | _aVEJEZ POSITIVA | ||
| 650 | _aEXPERIENCIA | ||
| 650 | _aMADUREZ | ||
| 942 |
_cLIT _2ddc |
||
| 999 |
_c7859 _d7859 |
||